MARC

LEADER 00000nam0a2200000 4500
001 298793
005 20231102001135.0
010 |b 3000 экз. 
035 |a (RuTPU)RU\TPU\book\323942 
090 |a 298793 
100 |a 20150622d1948 km y0rusy50 ca 
101 0 |a rus 
102 |a RU 
105 |a a z 000zy 
200 1 |a Проблема топлива на железнодорожном транспорте  |h Часть II  |f А. К. Шубников 
210 |a Москва  |c Государственное транспортное железнодорожное издательство  |d 1948 
215 |a 306 с.  |c ил. 
316 |5 63413507: М-133699  |a На обложке и титульном листе владельческая подпись: "Бутаков" 
317 |5 63413507: М-133699  |a Поступила в НТБ в 1970 г. в составе книжного собрания профессора ТПИ И. Н. Бутакова 
606 1 |a Автомобильное топливо  |2 stltpush  |3 (RuTPU)RU\TPU\subj\1106  |9 29894 
610 1 |a топливо 
610 1 |a угли 
610 1 |a физические свойства 
610 1 |a химические свойства 
610 1 |a обогащение 
610 1 |a брикетирование 
610 1 |a владельческая надпись 
610 1 |a библиотека И. Н. Бутакова 
675 |a 621.431.73-6  |v 4 
700 1 |a Шубников  |b А. К. 
801 1 |a RU  |b 63413507  |c 20150622 
801 2 |a RU  |b 63413507  |c 20190924  |g RCR 
942 |c BK